Deník mého koně /

Hlavní autor: Libovická, Veronika
Další autoři: Aora, Vít, 1996-, Burdová, Dominika
Jazyk: Čeština
Vydáno: Praha : Mementerra s.r.o., 2018
Vydání: 1. vydání
Témata:
Fyzický popis: 95 stran : ilustrace (některé barevné) ; 17 x 24 cm
Knihy
Uloženo v:
LEADER 01806nam a2200541 i 4500
001 nkc20183044599
003 CZ PrNK
005 20191217093244.0
007 ta
008 181009s2018 xr a e 000 0 cze
015 |z cnb003044599 
020 |a 978-80-907352-1-7  |q (vázáno) 
035 |a (OCoLC)1081369997 
040 |a OLA001  |b cze  |e rda 
072 7 |a 636  |x Chov zvířat. Živočišná výroba  |2 Konspekt  |9 24 
080 |a 636.1  |2 MRF 
080 |a 636.08  |2 MRF 
080 |a 636.083  |2 MRF 
080 |a 636.088  |2 MRF 
080 |a (093.3)  |2 MRF 
080 |a (059.3)  |2 MRF 
100 1 |a Libovická, Veronika  |4 aut 
245 1 0 |a Deník mého koně /  |c obsah: Veronika Libovická, Vít Libovický ; ilustrace: Dominika Burdová 
250 |a 1. vydání 
264 1 |a Praha :  |b Mementerra s.r.o.,  |c 2018 
300 |a 95 stran :  |b ilustrace (některé barevné) ;  |c 17 x 24 cm 
336 |a text  |b txt  |2 rdacontent 
337 |a bez média  |b n  |2 rdamedia 
338 |a svazek  |b nc  |2 rdacarrier 
650 0 7 |a koně  |7 ph114977  |2 czenas 
650 0 7 |a chov domácích zvířat  |7 ph119200  |2 czenas 
650 0 7 |a péče o zvířata  |7 ph134959  |2 czenas 
650 0 7 |a výcvik zvířat  |7 ph135107  |2 czenas 
650 0 9 |a horses  |2 eczenas 
650 0 9 |a keeping of domestic animals  |2 eczenas 
650 0 9 |a animal care  |2 eczenas 
650 0 9 |a animal training  |2 eczenas 
655 7 |a deníky  |7 fd132006  |2 czenas 
655 7 |a zápisníky  |7 fd133889  |2 czenas 
655 9 |a diaries  |2 eczenas 
655 9 |a notebooks  |2 eczenas 
700 1 |a Aora, Vít,  |d 1996-  |7 xx0212172  |4 aut 
700 1 |a Burdová, Dominika  |4 ill 
910 2 |a BOA001  |b 2-1418.548 
990 |a BK 
995 |a 11 
991 |b 201811  |c NOV 
996 6 |b 2610763105  |c 2-1418.548  |l MZK  |r Sklad / do 1 hodiny  |n 0  |p p.v.  |w 001696780  |u 000010  |a 1  |e BOA001  |j MZK50  |s P